• 首页
  • 本馆介绍
  • 公告通知
  • 最新文献
  • 馆藏检索
  • 电子资源
  • 读者导购
  • 参考咨询
  • 我的图书馆
  • 登录
  • 详细信息显示
  • 放入我的书架
  • 预约/预借图书
  • 作者相关作品
  • 分类相关作品
  • 丛书相关作品
  • 出版社相关作品

书目信息

  • 表格格式
  • 工作单格式
  • 卡片格式
书名: The oral history reader
作者: edited by Robert Perks and Alistair Thomson.
分册号:
分册名:
出版地: London ;
 
出版社: Routledge
出版时间: 1998.
页数: xiii, 479 p. ;
开本: 24 cm.
丛书名:
中图分类号:
科图分类号:
其他分类号: K063
主题词:
电子资源:
000 00600nam 2200217 a 4500
001 E0731200215
005 20070319084253.43
020    @a0415133521 (pbk.).
020    @a0415133513.
090    @aK063
099    @dK063@ex4
245 04 @aThe oral history reader / @cedited by Robert Perks and Alistair Thomson.
260    @aLondon ;@aNew York :@bRoutledge,@c1998.
300    @axiii, 479 p. ;@c24 cm.
504    @aIncludes bibliographical references and index.
700 1  @aThomson, Alistair.
700 1  @aPerks, Robert.
920    @a212010@z1
920    @a242010@z2
920    @a211010@z2
998    @aNKL
    
    The oral history reader / / edited by Robert Perks and Alistair Thomson.-London ; ; New York : : Routledge, , 1998.
    xiii, 479 p. ; ; 24 cm.
    Includes bibliographical references and index.
    
    ISBN 0415133521 (pbk.).
    
●
相关链接 在E读中查询图书 在五车中查询图书 在当当中查询图书 在豆瓣中查询图书


正题名:oral history reader     索取号:K063/x4         预约/预借

序号 登录号 条形码 馆藏地/架位号 状态 备注
1 0002544   300025443   第二样本阅览室/ [索取号:K063/x4] 在馆    
唐山师范学院图书馆 欢迎您!
大连网信软件有限公司© 版权所有